Computer concepts and C programming (Record no. 6202)

MARC details
000 -LEADER
fixed length control field 01003 a2200265 4500
003 - CONTROL NUMBER IDENTIFIER
control field dpl
005 - DATE AND TIME OF LATEST TRANSACTION
control field 20080826165546.0
008 - FIXED-LENGTH DATA ELEMENTS--GENERAL INFORMATION
fixed length control field 080826t xxu||||| |||| 00| 0 eng d
010 ## - LIBRARY OF CONGRESS CONTROL NUMBER
LC control number ENG-87221
020 ## - INTERNATIONAL STANDARD BOOK NUMBER
International Standard Book Number 9788120332010
Terms of availability 225.00
035 ## - SYSTEM CONTROL NUMBER
System control number EN-70754
037 ## - SOURCE OF ACQUISITION
Source of stock number/acquisition DBAD / PUB
040 ## - CATALOGING SOURCE
Transcribing agency dpl
082 ## - DEWEY DECIMAL CLASSIFICATION NUMBER
Classification number 005.13
100 ## - MAIN ENTRY--PERSONAL NAME
Personal name Basavaraj S. Anami
245 ## - TITLE STATEMENT
Title Computer concepts and C programming
Statement of responsibility, etc by Basavaraj S. Anami, Shanmukhappa A. Angadi [and] Sunil Kumar S. Manvi
Remainder of title a holistic approach to learning C
260 ## - PUBLICATION, DISTRIBUTION, ETC. (IMPRINT)
Place of publication, distribution, etc New Delhi
Name of publisher, distributor, etc Prentice-Hall of India
Date of publication, distribution, etc 2007
270 ## - ADDRESS
Address M-97, Connaught Circus
City New Delhi
Postal code 110 001
300 ## - PHYSICAL DESCRIPTION
Extent xiii, 306p.
Dimensions 24cm (pbk )
500 ## - GENERAL NOTE
General note Includes index
700 ## - ADDED ENTRY--PERSONAL NAME
Personal name Shanmukhappa A. Anagadi
700 ## - ADDED ENTRY--PERSONAL NAME
Personal name Sunil Kumar S. Manvi
942 ## - ADDED ENTRY ELEMENTS (KOHA)
Institution code [OBSOLETE] dpl
Koha item type English Books
Call number prefix 005.13 / BAS
Source of classification or shelving scheme Dewey Decimal Classification
Classification part 005.13
Call number suffix BAS
Holdings
Withdrawn status Lost status Damaged status Not for loan Home library Current library Date acquired Cost, normal purchase price Total Checkouts Full call number Barcode Date last seen Copy number Uniform Resource Identifier Cost, replacement price Price effective from Koha item type
        D.B.Act.Division D.B.Act.Division 26/08/2008 225.00   00.13 BAS EN-70754 15/09/2008 1 6655 225.00 15/09/2008 English Books

© Delhi Public Library
Hit Counter
free hit counter